00343nam a2200121Ia 4500008004100000245008000041260001700121260000900138300000900147650002300156650001200179856003000191170516s9999 xx 000 0 und d aWenbin Lu, ZhuoYing Xie, Yong Tang, Ling Bai, Yuyu Yao, Cong Fu, Genshan Ma bTheranostics c2015 a5:10 xMedical Technology xMedtech uhttp://www.thno.org/v5i10